A passzívházak sajátosságai, annak megjelenése hazánkban
| Szerző: | |
|---|---|
| További közreműködők: | |
| Dokumentumtípus: | Záródolgozat |
| Kulcsszavak: | Környezetvédelem Energiahordozók Energia, megújuló Passzívház Fűtéskorszerűsítés, geotermikus Elemzés |
| Online Access: | http://dolgozattar.uni-bge.hu/59402 |
MARC
| LEADER | 00000nta a2200000 i 4500 | ||
|---|---|---|---|
| 001 | dolg59402 | ||
| 005 | 20260114152142.0 | ||
| 008 | 260114suuuu hu o 000 hun d | ||
| 040 | |a BGE Dolgozattár Repozitórium |b hun | ||
| 041 | |a hu | ||
| 100 | 1 | |a Tosev Anita | |
| 245 | 1 | 2 | |a A passzívházak sajátosságai, annak megjelenése hazánkban |c Tosev Anita |h [elektronikus dokumentum] |
| 516 | |a Final_paper | ||
| 695 | |a Környezetvédelem | ||
| 695 | |a Energiahordozók | ||
| 695 | |a Energia, megújuló | ||
| 695 | |a Passzívház | ||
| 695 | |a Fűtéskorszerűsítés, geotermikus | ||
| 695 | |a Elemzés | ||
| 700 | 1 | |a Fabula László |e ths | |
| 856 | 4 | 0 | |u http://dolgozattar.uni-bge.hu/59402/1/Tosev-Anita.pdf |z Dokumentum-elérés |